[Event "TN Mestres 2024-25"]
[Site "Pombal"]
[Date "2024.12.21"]
[Round "6.1"]
[White "Fidalgo, Andre Neves"]
[Black "Margarido, Jose"]
[Result "0-1"]
[LiveChessVersion "1.4.8"]
[BlackElo "2152"]
[WhiteElo "2220"]

1. d4 {[%clk 1:30:48]} Nf6 {[%clk 1:30:55]} 2. c4 {[%clk 1:31:11]} e6
{[%clk 1:31:18]} 3. g3 {[%clk 1:31:30]} Bb4+ {[%clk 1:31:37]} 4. Bd2
{[%clk 1:31:52]} Qe7 {[%clk 1:31:16]} 5. Bg2 {[%clk 1:32:16]} Nc6
{[%clk 1:31:25]} 6. e3 {[%clk 1:26:43]} Bxd2+ {[%clk 1:29:20]} 7. Nxd2
{[%clk 1:26:45]} O-O {[%clk 1:25:52]} 8. Ne2 {[%clk 1:27:05]} d6 {[%clk 1:26:17]}
9. O-O {[%clk 1:27:06]} e5 {[%clk 1:26:42]} 10. h3 {[%clk 1:26:08]} Re8
{[%clk 1:20:21]} 11. Re1 {[%clk 1:17:18]} Bf5 {[%clk 1:12:19]} 12. Qb3
{[%clk 1:08:42]} Rab8 {[%clk 0:53:53]} 13. Qc3 {[%clk 1:05:53]} e4
{[%clk 0:37:04]} 14. g4 {[%clk 1:05:26]} Bg6 {[%clk 0:35:54]} 15. Nf4
{[%clk 1:05:50]} h6 {[%clk 0:30:48]} 16. Nxg6 {[%clk 1:05:52]} fxg6
{[%clk 0:31:18]} 17. b4 {[%clk 1:02:24]} Nd8 {[%clk 0:27:38]} 18. Qc2
{[%clk 0:58:27]} Nf7 {[%clk 0:27:05]} 19. f4 {[%clk 0:51:44]} exf3
{[%clk 0:26:56]} 20. Nxf3 {[%clk 0:52:00]} Ne4 {[%clk 0:25:27]} 21. d5
{[%clk 0:46:41]} h5 {[%clk 0:22:01]} 22. gxh5 {[%clk 0:45:17]} gxh5
{[%clk 0:22:26]} 23. Rad1 {[%clk 0:45:06]} Neg5 {[%clk 0:17:13]} 24. Nd4
{[%clk 0:43:45]} Ne5 {[%clk 0:16:58]} 25. h4 {[%clk 0:42:42]} Nh7
{[%clk 0:16:03]} 26. Nf5 {[%clk 0:43:06]} Qd8 {[%clk 0:14:36]} 27. Rd4
{[%clk 0:41:24]} g6 {[%clk 0:14:22]} 28. Ng3 {[%clk 0:40:44]} Rf8
{[%clk 0:13:52]} 29. Rf1 {[%clk 0:36:19]} Rxf1+ {[%clk 0:13:57]} 30. Kxf1
{[%clk 0:36:26]} Qe7 {[%clk 0:12:43]} 31. Rf4 {[%clk 0:25:44]} Rf8
{[%clk 0:09:50]} 32. Kg1 {[%clk 0:19:41]} Nf6 {[%clk 0:09:04]} 33. Be4
{[%clk 0:08:06]} Nfg4 {[%clk 0:04:22]} 34. Nf1 {[%clk 0:00:34]} Qxh4
{[%clk 0:03:55]} 35. Qe2 {[%clk 0:00:37]} Qg5 {[%clk 0:02:17]} 36. Rxf8+ Kxf8 37.
Kh1 {[%clk 0:00:42]} Qf6 {[%clk 0:01:14]} 38. Kg1 {[%clk 0:00:53]} Kg7
{[%clk 0:01:07]} 39. c5 {[%clk 0:01:17]} Qg5 {[%clk 0:01:12]} 40. Kh1
{[%clk 0:01:28]} Nf6 {[%clk 0:00:51]} 41. Bg2 {[%clk 0:01:33]} Neg4
{[%clk 0:00:52]} 42. cxd6 {[%clk 0:01:12]} cxd6 {[%clk 0:01:22]} 43. Qc4
{[%clk 0:00:33]} Qh4+ {[%clk 0:01:04]} 44. Kg1 {[%clk 0:00:57]} Qf2+
{[%clk 0:01:33]} 45. Kh1 {[%clk 0:01:18]} Nxe3 {[%clk 0:00:34]} 46. Nxe3
{[%clk 0:01:41]} Qxe3 {[%clk 0:00:57]} 47. Qc7+ {[%clk 0:01:25]} Kh6
{[%clk 0:01:05]} 48. Qxd6 {[%clk 0:01:15]} Ng4 {[%clk 0:00:35]} 49. Qf8+
{[%clk 0:00:50]} Kg5 {[%clk 0:00:36]} 50. d6 {[%clk 0:00:40]} Qe1+
{[%clk 0:00:34]} 51. Qf1 {[%clk 0:00:42]} Qh4+ {[%clk 0:00:33]} 52. Bh3
{[%clk 0:01:01]} Nf2+ {[%clk 0:00:33]} 53. Kh2 {[%clk 0:01:23]} Nxh3
{[%clk 0:00:32]} 54. Qb5+ {[%clk 0:00:34]} Kg4 {[%clk 0:00:35]} 55. Qe2+
{[%clk 0:00:49]} Kf5 {[%clk 0:00:35]} 56. Qd3+ {[%clk 0:00:52]} Kf6
{[%clk 0:00:33]} 57. Qc3+ {[%clk 0:00:43]} Ke6 {[%clk 0:00:35]} 58. Qc8+
{[%clk 0:00:36]} Kxd6 {[%clk 0:00:44]} 59. Qb8+ {[%clk 0:00:31]} Ke6
{[%clk 0:00:44]} 60. Qc8+ {[%clk 0:00:53]} Ke5 {[%clk 0:00:32]} 61. Qc7+
{[%clk 0:01:17]} Kf5 {[%clk 0:00:32]} 62. Qd7+ {[%clk 0:01:12]} Kg5
{[%clk 0:00:31]} 63. Qe7+ {[%clk 0:00:59]} Kg4 {[%clk 0:01:01]} 64. Qd7+
{[%clk 0:00:50]} Kf4 {[%clk 0:00:34]} 65. Qd4+ {[%clk 0:00:54]} Kg5
{[%clk 0:00:42]} 66. Qd8+ {[%clk 0:01:20]} Kg4 {[%clk 0:01:07]} 67. Qd7+
{[%clk 0:01:43]} Kf3 {[%clk 0:00:42]} 68. Qd1+ {[%clk 0:01:07]} Kf2
{[%clk 0:00:35]} 69. Qd2+ {[%clk 0:01:12]} Kf1 {[%clk 0:00:41]} 70. Qd3+
{[%clk 0:01:23]} Ke1 {[%clk 0:00:38]} 71. Qb1+ {[%clk 0:00:46]} Kd2
{[%clk 0:00:33]} 72. Qb2+ {[%clk 0:00:48]} Kd3 {[%clk 0:01:02]} 73. Qb3+
{[%clk 0:00:36]} Kd4 {[%clk 0:01:10]} 74. Qb2+ {[%clk 0:00:35]} Kd5
{[%clk 0:01:09]} 75. Qb3+ {[%clk 0:00:48]} Qc4 {[%clk 0:01:09]} 76. Qf3+
{[%clk 0:01:13]} Qe4 {[%clk 0:01:07]} 77. Qb3+ {[%clk 0:01:03]} Kd4
{[%clk 0:00:48]} 78. Qxh3 {[%clk 0:00:33]} Qc2+ {[%clk 0:01:00]} 79. Kh1
{[%clk 0:00:54]} Qb1+ {[%clk 0:00:46]} 80. Kh2 {[%clk 0:01:13]} Qxa2+
{[%clk 0:01:05]} 81. Kh1 {[%clk 0:01:39]} Qb1+ {[%clk 0:01:14]} 82. Kh2
{[%clk 0:02:03]} Qc2+ {[%clk 0:01:33]} 83. Kh1 {[%clk 0:02:27]} Qd1+
{[%clk 0:01:51]} 84. Kh2 {[%clk 0:02:51]} Qe2+ {[%clk 0:02:12]} 85. Kh1
{[%clk 0:03:14]} Qe1+ {[%clk 0:01:39]} 86. Kh2 {[%clk 0:03:37]} Qxb4
{[%clk 0:00:47]} 87. Qh4+ {[%clk 0:03:42]} Kc3 {[%clk 0:00:48]} 88. Qe1+
{[%clk 0:03:51]} Kb3 {[%clk 0:00:57]} 89. Qe3+ {[%clk 0:04:02]} Kc2
{[%clk 0:00:35]} 90. Qxa7 {[%clk 0:03:31]} Qh4+ {[%clk 0:00:39]} 91. Kg1
{[%clk 0:03:49]} Qe4 {[%clk 0:00:37]} 92. Qa2+ {[%clk 0:03:47]} Kd3
{[%clk 0:01:00]} 93. Qb1+ {[%clk 0:03:35]} Ke3 {[%clk 0:01:12]} 94. Qc1+
{[%clk 0:02:39]} Kf3 {[%clk 0:01:26]} 95. Qd1+ {[%clk 0:02:38]} Kg3
{[%clk 0:01:07]} 96. Qd6+ {[%clk 0:03:03]} Kh3 {[%clk 0:00:39]} 97. Qh2+
{[%clk 0:00:34]} Kg4 {[%clk 0:01:07]} 98. Qf2 {[%clk 0:00:55]} g5
{[%clk 0:00:38]} 99. Qb6 {[%clk 0:00:34]} h4 {[%clk 0:00:32]} 100. Qd8
{[%clk 0:00:36]} h3 {[%clk 0:00:32]} 101. Qc8+ {[%clk 0:00:38]} Kh4
{[%clk 0:00:33]} 102. Qh8+ {[%clk 0:00:50]} Kg3 {[%clk 0:00:51]} 103. Qc3+
{[%clk 0:01:15]} Qf3 {[%clk 0:00:41]} 104. Qe5+ {[%clk 0:00:48]} Kh4
{[%clk 0:00:40]} 105. Qh8+ {[%clk 0:01:07]} Qh5 {[%clk 0:01:02]} 106. Qc3
{[%clk 0:00:31]} Qg4+ {[%clk 0:01:01]} 107. Kf1 {[%clk 0:00:56]} Qg2+
{[%clk 0:00:41]} 108. Ke1 {[%clk 0:01:20]} Qg3+ {[%clk 0:01:08]} 0-1

[Event "TN Mestres 2024-25"]
[Site "Pombal"]
[Date "2024.12.21"]
[Round "6.2"]
[White "Goncalves, Samuel"]
[Black "Morais, Miguel"]
[Result "0-1"]
[LiveChessVersion "1.4.8"]
[BlackElo "2132"]
[WhiteElo "2301"]

1. c4 c6 {[%clk 1:29:49]} 2. g3 {[%clk 1:29:50]} d5 {[%clk 1:30:12]} 3. Nf3
{[%clk 1:30:15]} Nf6 {[%clk 1:30:20]} 4. Bg2 {[%clk 1:30:37]} dxc4
{[%clk 1:27:56]} 5. O-O {[%clk 1:30:58]} Nbd7 {[%clk 1:27:34]} 6. Qc2
{[%clk 1:30:39]} Nb6 {[%clk 1:27:46]} 7. Na3 {[%clk 1:30:59]} Be6
{[%clk 1:14:58]} 8. Ne5 {[%clk 1:31:22]} h5 {[%clk 1:09:37]} 9. Naxc4
{[%clk 1:28:26]} Nxc4 {[%clk 1:09:39]} 10. Nxc4 {[%clk 1:28:45]} h4
{[%clk 1:08:47]} 11. Ne5 {[%clk 1:24:31]} hxg3 {[%clk 1:07:38]} 12. hxg3
{[%clk 1:24:42]} Qd4 {[%clk 1:04:36]} 13. Qc3 {[%clk 1:18:49]} Qd6
{[%clk 1:04:06]} 14. d4 {[%clk 1:06:31]} Rd8 {[%clk 1:03:27]} 15. Rd1
{[%clk 1:04:57]} Qxe5 {[%clk 1:02:39]} 16. Bxc6+ {[%clk 1:03:07]} bxc6
{[%clk 1:01:12]} 17. dxe5 {[%clk 1:03:29]} Rxd1+ {[%clk 1:01:32]} 18. Kg2
{[%clk 1:03:56]} Bd5+ {[%clk 0:59:50]} 19. f3 {[%clk 1:04:15]} Ng4
{[%clk 0:57:17]} 20. Bh6 {[%clk 1:03:32]} Rxa1 {[%clk 0:57:39]} 21. Qb4
{[%clk 1:03:44]} f5 {[%clk 0:42:00]} 0-1

[Event "TN Mestres 2024-25"]
[Site "Pombal"]
[Date "2024.12.21"]
[Round "6.3"]
[White "Ryabukhin, Roman"]
[Black "Ferreira, Luis Pedro"]
[Result "1-0"]
[LiveChessVersion "1.4.8"]
[BlackElo "2166"]
[WhiteElo "2286"]

1. e4 {[%clk 1:29:24]} e6 {[%clk 1:30:34]} 2. d4 {[%clk 1:29:09]} d5
{[%clk 1:30:53]} 3. Nc3 {[%clk 1:29:38]} Nf6 {[%clk 1:31:07]} 4. e5
{[%clk 1:30:02]} Nfd7 {[%clk 1:31:33]} 5. f4 {[%clk 1:30:26]} c5 {[%clk 1:31:56]}
6. Nf3 {[%clk 1:30:49]} Nc6 {[%clk 1:32:16]} 7. Be3 {[%clk 1:31:18]} f6
{[%clk 1:30:50]} 8. exf6 {[%clk 1:26:07]} Qxf6 {[%clk 1:26:38]} 9. Nb5
{[%clk 1:24:22]} cxd4 {[%clk 1:26:48]} 10. Nfxd4 {[%clk 1:23:30]} Bb4+
{[%clk 1:18:04]} 11. c3 {[%clk 1:22:39]} Ba5 {[%clk 1:18:29]} 12. Nd6+
{[%clk 1:15:14]} Ke7 {[%clk 1:17:41]} 13. Nxc8+ {[%clk 1:14:32]} Raxc8
{[%clk 1:17:29]} 14. Nxc6+ {[%clk 1:08:00]} bxc6 {[%clk 1:17:25]} 15. Qd2
{[%clk 1:07:04]} Bb6 {[%clk 1:17:46]} 16. O-O-O {[%clk 1:03:52]} Rhf8
{[%clk 1:17:56]} 17. g3 {[%clk 1:03:52]} Kf7 {[%clk 1:15:18]} 18. Bd4
{[%clk 1:01:26]} Bxd4 {[%clk 1:15:26]} 19. Qxd4 {[%clk 1:01:49]} Qxd4
{[%clk 1:14:34]} 20. cxd4 {[%clk 1:02:12]} c5 {[%clk 1:14:57]} 21. Kb1
{[%clk 1:02:09]} Nf6 {[%clk 1:12:04]} 22. Bg2 {[%clk 0:53:32]} c4
{[%clk 1:10:33]} 23. Rc1 {[%clk 0:50:29]} Rc6 {[%clk 1:09:09]} 24. Rhe1
{[%clk 0:49:59]} Rb8 {[%clk 1:09:05]} 25. Rc3 {[%clk 0:50:27]} Ra6
{[%clk 1:07:07]} 26. Re2 {[%clk 0:49:57]} Rb5 {[%clk 1:05:20]} 27. Bf3
{[%clk 0:48:14]} Rba5 {[%clk 1:03:27]} 28. a3 {[%clk 0:47:52]} Rb6
{[%clk 1:03:36]} 29. g4 {[%clk 0:44:50]} g6 {[%clk 1:02:11]} 30. Rce3
{[%clk 0:43:50]} Rab5 {[%clk 1:02:18]} 31. g5 {[%clk 0:39:18]} Ne8
{[%clk 1:02:19]} 32. f5 {[%clk 0:39:14]} Ng7 {[%clk 0:53:45]} 33. fxe6+
{[%clk 0:35:32]} Nxe6 {[%clk 0:37:16]} 34. Re5 {[%clk 0:23:06]} Rd6
{[%clk 0:37:37]} 35. Bg4 {[%clk 0:21:14]} Rbb6 {[%clk 0:36:29]} 36. Ka2
{[%clk 0:17:56]} Ra6 37. R2e3 {[%clk 0:15:18]} Rab6 {[%clk 0:25:45]} 38. Kb1
{[%clk 0:15:22]} Ra6 {[%clk 0:17:48]} 39. a4 {[%clk 0:15:27]} Ke7
{[%clk 0:15:36]} 40. a5 {[%clk 0:14:00]} Kf7 {[%clk 0:14:55]} 41. Kc1
{[%clk 0:13:07]} Ng7 {[%clk 0:12:20]} 42. Re7+ {[%clk 0:10:49]} Kf8
{[%clk 0:12:32]} 43. Rb7 {[%clk 0:10:56]} Rxa5 {[%clk 0:10:16]} 44. Ree7
{[%clk 0:08:46]} Ra1+ {[%clk 0:09:00]} 45. Kc2 {[%clk 0:07:51]} Ne8
{[%clk 0:06:08]} 46. Rxh7 {[%clk 0:07:35]} Kg8 {[%clk 0:06:34]} 47. Rhe7
{[%clk 0:07:59]} Kf8 {[%clk 0:06:57]} 48. Be6 {[%clk 0:07:12]} Rf1
{[%clk 0:05:26]} 49. Rh7 {[%clk 0:06:09]} Rf2+ {[%clk 0:05:22]} 50. Kd1
{[%clk 0:05:53]} Rf1+ {[%clk 0:05:18]} 51. Ke2 {[%clk 0:06:13]} Rxe6+
{[%clk 0:05:43]} 52. Kxf1 {[%clk 0:06:41]} Kg8 {[%clk 0:06:07]} 53. Rhe7
{[%clk 0:06:19]} 1-0

[Event "TN Mestres 2024-25"]
[Site "Pombal"]
[Date "2024.12.21"]
[Round "6.4"]
[White "Padeiro, Jose"]
[Black "Ribeiro, Gustavo"]
[Result "1/2-1/2"]
[LiveChessVersion "1.4.8"]
[BlackElo "2241"]
[WhiteElo "2122"]

1. c4 {[%clk 1:30:55]} e5 {[%clk 1:30:57]} 2. g3 {[%clk 1:31:14]} c6
{[%clk 1:31:23]} 3. d4 {[%clk 1:31:12]} e4 {[%clk 1:31:47]} 4. a3
{[%clk 1:30:34]} d5 {[%clk 1:32:06]} 5. Nc3 {[%clk 1:30:17]} f5 {[%clk 1:31:59]}
6. cxd5 {[%clk 1:29:08]} cxd5 {[%clk 1:32:21]} 7. h4 {[%clk 1:27:37]} Be6
{[%clk 1:26:57]} 8. Nh3 {[%clk 1:26:38]} Nf6 {[%clk 1:26:44]} 9. Bg5
{[%clk 1:25:07]} Bd6 {[%clk 1:19:18]} 10. Nf4 {[%clk 1:22:17]} Bxf4
{[%clk 1:18:25]} 11. Bxf4 {[%clk 1:21:43]} Nc6 {[%clk 1:18:49]} 12. e3
{[%clk 1:20:04]} O-O {[%clk 1:18:19]} 13. Bb5 {[%clk 1:15:07]} Rc8
{[%clk 1:16:53]} 14. Rc1 {[%clk 1:10:24]} h6 {[%clk 1:08:15]} 15. O-O
{[%clk 1:07:08]} Ng4 {[%clk 1:07:36]} 16. Bxc6 {[%clk 0:52:02]} Rxc6
{[%clk 1:06:44]} 17. f3 {[%clk 0:49:28]} exf3 {[%clk 1:05:02]} 18. Qxf3
{[%clk 0:49:50]} g5 {[%clk 1:05:13]} 19. hxg5 {[%clk 0:49:15]} hxg5
{[%clk 1:05:40]} 20. Be5 {[%clk 0:49:26]} Qd7 {[%clk 1:05:37]} 21. Kg2
{[%clk 0:44:12]} Rfc8 {[%clk 1:04:33]} 22. Rh1 {[%clk 0:37:08]} Nxe5
{[%clk 1:04:10]} 23. dxe5 {[%clk 0:36:43]} Qg7 {[%clk 1:03:01]} 24. Rcd1
{[%clk 0:29:36]} Qxe5 {[%clk 0:58:31]} 25. Rh5 {[%clk 0:26:24]} g4
{[%clk 0:57:34]} 26. Qf4 {[%clk 0:24:55]} Qxf4 {[%clk 0:57:36]} 27. gxf4
{[%clk 0:25:24]} Rb6 {[%clk 0:55:56]} 28. Rd2 {[%clk 0:25:18]} Kg7
{[%clk 0:55:45]} 29. Ne2 {[%clk 0:19:53]} Kg6 {[%clk 0:55:45]} 30. Rg5+
{[%clk 0:19:53]} Kf6 {[%clk 0:55:45]} 31. Rh5 {[%clk 0:19:53]} Bf7
{[%clk 0:51:59]} 32. Rh6+ {[%clk 0:17:22]} Bg6 {[%clk 0:52:09]} 33. Nc3
{[%clk 0:16:35]} Kg7 {[%clk 0:52:28]} 34. Rh1 {[%clk 0:15:50]} Bf7
{[%clk 0:52:55]} 35. Kf2 {[%clk 0:15:01]} Re8 {[%clk 0:51:55]} 36. Ne2
{[%clk 0:15:12]} Rb3 {[%clk 0:50:42]} 37. Nd4 {[%clk 0:15:05]} g3+
{[%clk 0:46:30]} 38. Kg2 {[%clk 0:14:05]} Rb6 {[%clk 0:46:54]} 39. Nxf5+
{[%clk 0:14:08]} Kg6 {[%clk 0:47:08]} 40. Nh4+ {[%clk 0:12:02]} Kf6
{[%clk 0:47:12]} 41. Re1 {[%clk 0:10:19]} Rb3 {[%clk 0:47:00]} 42. Kxg3
{[%clk 0:08:00]} Rexe3+ {[%clk 0:47:12]} 43. Rxe3 {[%clk 0:08:25]} Rxe3+
{[%clk 0:47:33]} 44. Kf2 {[%clk 0:08:03]} Re4 {[%clk 0:46:58]} 45. Kg3
{[%clk 0:08:03]} Re3+ {[%clk 0:44:11]} 46. Kf2 {[%clk 0:08:27]} Rh3
{[%clk 0:44:38]} 47. Nf3 {[%clk 0:08:33]} Bh5 {[%clk 0:41:24]} 48. Nd4
{[%clk 0:07:12]} a6 {[%clk 0:41:06]} 49. Kg2 {[%clk 0:06:02]} Re3
{[%clk 0:41:31]} 50. Kf2 {[%clk 0:06:10]} Re4 {[%clk 0:41:51]} 51. Kg3
{[%clk 0:06:05]} Re1 {[%clk 0:41:49]} 52. Rd3 {[%clk 0:05:28]} Re4
{[%clk 0:41:09]} 53. Nf3 {[%clk 0:03:59]} Re2 {[%clk 0:39:13]} 54. Rxd5
{[%clk 0:03:39]} Bxf3 55. Kxf3 Rxb2 56. a4 Ke6 57. Re5+ Kd6 58. a5 Rb1 59. Ke4
1/2-1/2

[Event "TN Mestres 2024-25"]
[Site "Pombal"]
[Date "2024.12.21"]
[Round "6.5"]
[White "Reis, Luis Sousa"]
[Black "Ribeiro, Rodrigo"]
[Result "0-1"]
[LiveChessVersion "1.4.8"]
[BlackElo "2143"]
[WhiteElo "2164"]

1. e4 {[%clk 1:24:14]} c5 {[%clk 1:30:58]} 2. Nf3 {[%clk 1:24:27]} e6
{[%clk 1:31:26]} 3. d4 {[%clk 1:24:36]} cxd4 {[%clk 1:31:54]} 4. Nxd4
{[%clk 1:24:44]} a6 {[%clk 1:32:22]} 5. Nc3 {[%clk 1:24:55]} Ne7 {[%clk 1:32:43]}
6. f4 {[%clk 1:17:24]} Nbc6 {[%clk 1:30:53]} 7. Be3 {[%clk 1:08:56]} Nxd4
{[%clk 1:20:28]} 8. Qxd4 {[%clk 1:00:42]} Nc6 {[%clk 1:19:20]} 9. Qb6
{[%clk 0:54:12]} Bb4 {[%clk 1:01:57]} 10. Qxd8+ {[%clk 0:45:32]} Kxd8
{[%clk 1:01:40]} 11. a3 {[%clk 0:41:43]} Ba5 {[%clk 0:56:31]} 12. O-O-O
{[%clk 0:34:28]} Bc7 {[%clk 0:56:32]} 13. e5 {[%clk 0:27:32]} f6 {[%clk 0:55:17]}
14. exf6 {[%clk 0:27:06]} gxf6 {[%clk 0:55:44]} 15. Ne4 {[%clk 0:27:18]} f5
{[%clk 0:49:33]} 16. Nd6 {[%clk 0:25:55]} Rg8 {[%clk 0:47:29]} 17. h3
{[%clk 0:23:11]} Ne7 {[%clk 0:42:39]} 18. Bf2 {[%clk 0:21:36]} Bxd6
{[%clk 0:35:16]} 19. Rxd6 {[%clk 0:22:03]} Nd5 {[%clk 0:35:43]} 20. Bb6+
{[%clk 0:14:13]} Nxb6 {[%clk 0:29:02]} 21. Rxb6 {[%clk 0:14:40]} Kc7
{[%clk 0:29:22]} 22. Rb3 {[%clk 0:13:40]} b5 {[%clk 0:29:41]} 23. g3
{[%clk 0:10:18]} Bb7 {[%clk 0:25:48]} 24. Rh2 {[%clk 0:10:31]} Rg7
{[%clk 0:24:47]} 25. Bg2 {[%clk 0:09:07]} h5 {[%clk 0:20:35]} 26. Bxb7
{[%clk 0:08:56]} Kxb7 {[%clk 0:20:58]} 27. h4 {[%clk 0:07:20]} Rag8
{[%clk 0:17:09]} 28. Rh3 {[%clk 0:05:01]} d6 {[%clk 0:13:05]} 29. Re3
{[%clk 0:04:56]} Rg6 {[%clk 0:12:21]} 30. Kd2 {[%clk 0:04:47]} Kc6
{[%clk 0:12:47]} 31. Rc3+ {[%clk 0:04:16]} Kd7 {[%clk 0:13:04]} 32. Ke2
{[%clk 0:04:14]} e5 {[%clk 0:12:57]} 33. fxe5 {[%clk 0:04:36]} dxe5
{[%clk 0:13:23]} 34. Kf2 {[%clk 0:04:05]} Rd6 {[%clk 0:13:41]} 35. Rh1
{[%clk 0:02:48]} Rd2+ {[%clk 0:05:09]} 36. Kf3 {[%clk 0:03:09]} Kd6
{[%clk 0:05:06]} 37. Rd3+ {[%clk 0:02:46]} Rxd3+ 38. cxd3 {[%clk 0:03:14]} Rc8
{[%clk 0:05:51]} 39. Rh2 {[%clk 0:03:04]} a5 {[%clk 0:00:38]} 40. Rd2
{[%clk 0:02:20]} Kd5 {[%clk 0:00:42]} 41. Ke3 {[%clk 0:01:29]} Rg8
{[%clk 0:00:35]} 42. Kf3 {[%clk 0:01:34]} Kd4 {[%clk 0:00:42]} 43. Rc2
{[%clk 0:01:10]} e4+ {[%clk 0:00:33]} 44. dxe4 {[%clk 0:01:27]} fxe4+
{[%clk 0:01:01]} 45. Kg2 {[%clk 0:00:40]} e3 {[%clk 0:00:51]} 46. Rc7
{[%clk 0:00:55]} Rd8 {[%clk 0:00:51]} 47. Rc1 {[%clk 0:00:39]} Rf8
{[%clk 0:00:39]} 48. b4 {[%clk 0:00:37]} axb4 {[%clk 0:00:34]} 49. axb4
{[%clk 0:01:06]} e2 {[%clk 0:00:32]} 50. Ra1 {[%clk 0:00:35]} Rf5
{[%clk 0:00:54]} 51. Rb1 {[%clk 0:00:50]} Kc3 {[%clk 0:00:36]} 52. Ra1
{[%clk 0:00:39]} Rf6 {[%clk 0:00:32]} 53. Rb1 {[%clk 0:00:47]} Rf5
{[%clk 0:00:43]} 54. Ra1 {[%clk 0:01:01]} Kxb4 {[%clk 0:01:02]} 55. Re1
{[%clk 0:01:21]} Re5 {[%clk 0:00:31]} 56. g4 {[%clk 0:00:35]} hxg4
{[%clk 0:00:38]} 57. h5 {[%clk 0:00:52]} Rxh5 {[%clk 0:00:47]} 58. Rxe2
{[%clk 0:01:07]} Rg5 {[%clk 0:01:12]} 59. Kg3 {[%clk 0:00:49]} Ka3
{[%clk 0:01:32]} 60. Re8 {[%clk 0:00:32]} b4 {[%clk 0:01:56]} 61. Ra8+
{[%clk 0:00:35]} Kb2 {[%clk 0:02:22]} 62. Rb8 {[%clk 0:00:52]} b3
{[%clk 0:02:49]} 63. Rb7 {[%clk 0:01:07]} Kc2 {[%clk 0:03:13]} 64. Rc7+
{[%clk 0:01:30]} Kb1 {[%clk 0:03:39]} 65. Rb7 {[%clk 0:01:55]} b2
{[%clk 0:04:05]} 66. Rb8 {[%clk 0:02:20]} Rc5 {[%clk 0:03:51]} 0-1

[Event "TN Mestres 2024-25"]
[Site "Pombal"]
[Date "2024.12.21"]
[Round "6.6"]
[White "Valente, Sofia"]
[Black "Barrento, Jorge"]
[Result "1-0"]
[LiveChessVersion "1.4.8"]
[BlackElo "1790"]
[WhiteElo "1949"]

1. d4 {[%clk 1:29:15]} Nf6 {[%clk 1:29:36]} 2. c4 {[%clk 1:29:25]} d6
{[%clk 1:29:40]} 3. Nc3 {[%clk 1:29:16]} Nbd7 {[%clk 1:30:08]} 4. e4
{[%clk 1:28:43]} e5 {[%clk 1:30:30]} 5. Nf3 {[%clk 1:28:26]} c6 {[%clk 1:29:23]}
6. Be2 {[%clk 1:27:43]} Be7 {[%clk 1:28:18]} 7. O-O {[%clk 1:27:43]} O-O
{[%clk 1:27:57]} 8. d5 {[%clk 1:26:45]} Nc5 {[%clk 1:21:49]} 9. Qc2
{[%clk 1:26:36]} a5 {[%clk 1:20:43]} 10. Be3 {[%clk 1:22:31]} Qc7
{[%clk 1:19:11]} 11. Ne1 {[%clk 1:16:20]} Ng4 {[%clk 1:08:19]} 12. Bxg4
{[%clk 1:15:56]} Bxg4 {[%clk 1:08:26]} 13. f3 {[%clk 1:14:25]} Bd7
{[%clk 1:04:03]} 14. Nd3 {[%clk 1:13:44]} Nxd3 {[%clk 1:00:33]} 15. Qxd3
{[%clk 1:14:11]} f5 {[%clk 1:00:37]} 16. Rad1 {[%clk 1:11:37]} f4
{[%clk 0:59:36]} 17. Bf2 {[%clk 1:11:09]} Rf7 {[%clk 0:57:40]} 18. c5
{[%clk 1:10:30]} Rd8 {[%clk 0:46:57]} 19. a3 {[%clk 1:03:36]} a4 {[%clk 0:41:04]}
20. Rd2 {[%clk 1:00:03]} Be8 {[%clk 0:39:12]} 21. cxd6 {[%clk 0:57:31]} Bxd6
{[%clk 0:36:45]} 22. Rc2 {[%clk 0:53:47]} Qa5 {[%clk 0:33:41]} 23. Kh1
{[%clk 0:47:53]} g5 {[%clk 0:28:55]} 24. Rd1 {[%clk 0:47:33]} h5 {[%clk 0:29:00]}
25. dxc6 {[%clk 0:47:25]} bxc6 {[%clk 0:24:39]} 26. Qc4 {[%clk 0:46:18]} Kg7
{[%clk 0:23:04]} 27. Rcd2 {[%clk 0:44:36]} Be7 {[%clk 0:22:17]} 28. Rxd8
{[%clk 0:43:42]} Bxd8 {[%clk 0:22:45]} 29. Nxa4 {[%clk 0:42:26]} Rd7
{[%clk 0:18:02]} 30. Rxd7+ {[%clk 0:42:21]} Bxd7 {[%clk 0:18:28]} 31. Nc3
{[%clk 0:42:23]} g4 {[%clk 0:15:12]} 32. Qd3 {[%clk 0:41:28]} Qc7
{[%clk 0:13:09]} 33. Bc5 {[%clk 0:41:04]} Bf6 {[%clk 0:11:55]} 34. Qc4
{[%clk 0:39:30]} Qc8 {[%clk 0:10:03]} 35. Bd6 {[%clk 0:38:09]} gxf3
{[%clk 0:09:52]} 36. gxf3 {[%clk 0:38:25]} Be6 {[%clk 0:05:59]} 37. Qc5
{[%clk 0:37:57]} Bh3 {[%clk 0:05:51]} 38. Bxe5 {[%clk 0:37:20]} Bf1
{[%clk 0:03:45]} 39. Qe7+ {[%clk 0:36:42]} 1-0